| 000 | 00749nac a22001811u 4500 | ||
|---|---|---|---|
| 082 | _a338.2728209174927 | ||
| 090 |
_c3637 _d3637 |
||
| 100 | _a20080729 | ||
| 110 | _aThe league of Arab States | ||
| 245 |
_aThe significance of Arab oil / _bThe League of Arab States |
||
| 260 |
_aBeirut: _bCenter for economic financial and social research and documentation,[1976?] _c[1976?] |
||
| 300 |
_a30p.; _c22 cm. |
||
| 500 | _aDonations | ||
| 500 | _aDonations-Bibliotheca Alexandrina | ||
| 650 |
_aPetrolium industry and trade _zArab countries |
||
| 942 |
_cBB _k338.2728209174927 |
||
| 999 |
_c3637 _d3637 |
||